Invincibility (Record no. 13972)

MARC details
000 -LEADER
fixed length control field 00617nam a2200241 a 4500
020 ## - INTERNATIONAL STANDARD BOOK NUMBER
ISBN 9788125041870
082 00 - DEWEY DECIMAL CLASSIFICATION NUMBER
Classification number 900
Author Cutter RAO
100 ## - MAIN ENTRY--AUTHOR NAME
Author name Rao, K V Krishna
245 ## - TITLE STATEMENT
Title Invincibility
Sub title Challrnges and Leadership
260 ## - PUBLICATION, DISTRIBUTION, ETC. (IMPRINT)
Place of publication New Delhi
Name of publisher Orient Blackswan
Year of publication 2010
300 ## - PHYSICAL DESCRIPTION
Number of Pages 438p
500 ## - GENERAL NOTE
General note includes index and biblioraphy
505 2# - FORMATTED CONTENTS NOTE
Formatted contents note maps, biblio, index
650 ## - SUBJECT ADDED ENTRY--TOPICAL TERM
Topical Term History-World
942 ## - ADDED ENTRY ELEMENTS (KOHA)
Koha item type Books
700 1# -
-- Rao, K V Krishna
Holdings
Collection code Home library Current library Date acquired Cost, normal purchase price Full call number Accession Number Koha item type
  Henry Martyn Institute Library Henry Martyn Institute Library 04/29/2011 895.00 900 RAO 023598 Books
                   Copyright © 2026 | Henry Martyn Institute | Hyderabad | TS-500052 | INDIA | Implemented by hmi.edu.in
Hit-Count:

Powered by Koha